000 01424cam a22003737a 4500
003 CHAP
005 20220329142020.0
008 990219s1998 mx a r 00010 spa d
010 _a77083
011 _a78055
035 _a87863
040 _cCHAP
090 _aTesis
100 0 0 _aCastillo Corona, Jessica Norma.
_920104
245 1 0 _aActividad protectante de fluxofenim (CONCEP III) aplicado en grano de sorgo (Sorghum bicolor L.) Moench), contra la acción de metolaclor
_c/por Jessica Norma Castillo Corona
260 _aChapingo, Méx. :
_bEl autor,
_c1998
300 _a47 h. :
_bgráfs., cuadros
502 _aTesis (Ing. Agr. Esp. en Parasitología Agrícola) -- UACH. Departamento de Parasitología Agrícola
590 _aALEPH
_b10
_c20130110
_lUCH01
_h1427
590 _aBATCH-UPD
_b10
_c20130110
_lUCH01
_h0317
590 _aBATCH-UPD
_b10
_c20130410
_lUCH01
_h1507
590 _aBATCH-UPD
_b10
_c20130914
_lUCH01
_h0857
590 _aCONVERSION
_b10
_c20130109
_lUCH01
_h1342
650 1 4 _aHerbicidas
_xToxicidad.
_953700
650 1 4 _aMetolacloro.
_975237
650 1 4 _aSorgo
_xGerminación.
_9108674
650 1 4 _aSorgo
_xMalas hierbas
_xControl.
_9108692
901 _aBK
905 _aGuadalupe Pinto C.
942 _cFOLL
949 _bBC
_cTES
_d33724000712139
_eTS2
_fc.2
_h33529
_i87863
_sb
949 _bBC
_cTES
_d33724000759767
_eTS2
_fc.3
_h35040
_i87863
_sb
949 _bBC
_cTES
_d87863
_eTS1
_h33528
_i87863
_sb
999 _c77083
_d77083